[Event "Phillips&Drew"]
[Site "London"]
[Date "1982.??.??"]
[Round "?"]
[White "Andersson, Ulf"]
[Black "Karpov, Anatoly"]
[Result "1/2-1/2"]
[WhiteElo "2635"]
[BlackElo "2720"]

1.Nf3 Nf6 2.c4 e6 3.g3 b6 4.Bg2 Bb7 5.O-O Be7 6.d4 O-O 7.Nc3 Ne4 8.Qc2 Nxc3
9.Qxc3 c5 10.Rd1 d6 11.b3 Bf6 12.Bb2 Qc7 13.Qd2 Rd8 14.dxc5 dxc5 15.Qf4 Na6
16.Qxc7 Nxc7 17.Bxf6 gxf6 18.Nd2 Bxg2 19.Kxg2 Kf8 20.Ne4 Ke7 21.Nc3 Na6 22.Rxd8 Rxd8
23.Rd1 Rg8 24.Kf3 h5 25.e3 Nb4 26.h4  1/2-1/2

[Event "Phillips&Drew"]
[Site "London"]
[Date "1982.??.??"]
[Round "?"]
[White "Andersson, Ulf"]
[Black "Christiansen, Larry Mark"]
[Result "1-0"]
[WhiteElo "2635"]
[BlackElo "2585"]

1.Nf3 d5 2.d4 Nf6 3.c4 dxc4 4.Qa4+ c6 5.Qxc4 Bg4 6.Nc3 Nbd7 7.e4 Bxf3 8.gxf3 e5
9.Be3 exd4 10.Bxd4 Bd6 11.O-O-O Qc7 12.Bh3 b5 13.Qe2 O-O 14.Kb1 Bf4 15.Qc2 Rad8
16.Bxd7 Nxd7 17.Rhg1 g6 18.h4 Nb6 19.b3 Rxd4 20.Rxd4 Be5 21.Ne2 Bxd4 22.Nxd4 Qh2
23.Rc1 Qxh4 24.Nxc6 Nc8 25.Ne5 Ne7 26.Qd2 Kg7 27.Rc7 Rc8 28.Rxa7 h5 29.Rd7 Rc5
30.f4 b4 31.Kb2 Qf6 32.Rd6 Qh4 33.Qd4 Rxe5 34.fxe5 Qf4 35.e6+ Kh6 36.exf7 Qxf7
37.Rf6 Qg7 38.e5 Nf5 39.Qxb4 Kg5 40.Qd2+ Kg4 41.Qe2+ Kf4 42.Qe3+ Kg4 43.Qe4+ Kg5
44.f4+  1-0

[Event "Phillips&Drew"]
[Site "London"]
[Date "1982.??.??"]
[Round "?"]
[White "Ljubojevic, Ljubomir"]
[Black "Andersson, Ulf"]
[Result "1/2-1/2"]
[WhiteElo "2645"]
[BlackElo "2635"]

1.e4 c6 2.d4 d5 3.Nc3 dxe4 4.Nxe4 Nf6 5.Nxf6+ exf6 6.Bc4 Qe7+ 7.Qe2 Bg4 8.Qe3 Nd7
9.Ne2 Nb6 10.Bb3 Nd5 11.Qxe7+ Bxe7 12.Nf4 Nxf4 13.Bxf4 Be6 14.c4  1/2-1/2

[Event "Phillips&Drew"]
[Site "London"]
[Date "1982.??.??"]
[Round "?"]
[White "Portisch, Lajos"]
[Black "Andersson, Ulf"]
[Result "1-0"]
[WhiteElo "2630"]
[BlackElo "2635"]

1.d4 Nf6 2.c4 e6 3.Nf3 Bb4+ 4.Nbd2 b6 5.e3 c5 6.a3 Bxd2+ 7.Qxd2 O-O 8.Be2 a5
9.b3 Bb7 10.O-O d6 11.Rd1 Nbd7 12.Bb2 Ne4 13.Qe1 Qe7 14.Nd2 Nxd2 15.Qxd2 Rfd8
16.Qc3 Nf6 17.f3 d5 18.dxc5 bxc5 19.Rac1 Rdc8 20.Qe5 Qc7 21.Qxc7 Rxc7 22.Be5 Rcc8
23.cxd5 Bxd5 24.Rc3 Nd7 25.Bg3 a4 26.e4 Bc6 27.b4 cxb4 28.axb4 Nf6 29.b5 Bb7
30.Ra3 Nh5 31.Bf2 Nf4 32.Bf1 g5 33.g3 Ng6 34.Rd7 Rcb8 35.Bd4 g4 36.Ba1 h5
37.Be2 Ra5 38.Kf2 Raa8 39.Ke3 gxf3 40.Bxf3 Nf8 41.Rc7 Bc8 42.e5 Ra5 43.Bc6  1-0

[Event "Luzern ol (Men)"]
[Site "Luzern"]
[Date "1982.??.??"]
[Round "1"]
[White "Andersson, Ulf"]
[Black "Liew, Chee Meng Jimmy"]
[Result "1-0"]
[WhiteElo "2610"]
[BlackElo "2270"]

1.Nf3 Nf6 2.c4 c5 3.g3 Nc6 4.Bg2 d5 5.cxd5 Nxd5 6.d4 Nc7 7.Be3 g6 8.Nc3 Bg7
9.dxc5 Qxd1+ 10.Rxd1 Bxc3+ 11.bxc3 O-O 12.Nd4 Bd7 13.O-O Rfd8 14.Rb1 e5 15.Rxb7 exd4
16.Rxc7 dxe3 17.Rxd7 Rxd7 18.Bxc6 Rad8 19.Bxd7 Rxd7 20.Rb1 Rc7 21.Rb5 Kg7
22.f4 Kf6 23.Kg2 Ke6 24.c4 Rc6 25.Ra5  1-0

[Event "Luzern ol (Men)"]
[Site "Luzern"]
[Date "1982.??.??"]
[Round "2"]
[White "Skembris, Spyridon"]
[Black "Andersson, Ulf"]
[Result "0-1"]
[WhiteElo "2355"]
[BlackElo "2610"]

1.d4 Nf6 2.c4 e6 3.Nf3 Bb4+ 4.Bd2 Bxd2+ 5.Nbxd2 d6 6.e3 O-O 7.Be2 c5 8.O-O Nc6
9.Qc2 Qe7 10.Rad1 b6 11.Qc3 Bb7 12.Ng5 cxd4 13.exd4 d5 14.c5 Nd7 15.Ngf3 bxc5
16.Qa3 cxd4 17.Qxe7 Nxe7 18.Nxd4 Rfc8 19.f4 Nc6 20.N2f3 Nxd4 21.Nxd4 Kf8
22.Rf3 a5 23.Ra3 a4 24.Re1 Nb6 25.Rh3 h6 26.g4 Ba6 27.g5 Bxe2 28.Rxe2 Rc4
29.gxh6 gxh6 30.Rd2 Rc1+ 31.Kf2 Nc4 32.Re2 Kg7 33.Rg3+ Kf6 34.Rh3 Rh8 35.Rd3 Rg8
36.Rg3 Rh8 37.b3 Nd6 38.Rd3 axb3 39.Rxb3 Ra8 40.f5 Rc4 41.fxe6 Rxd4 42.exf7 Ne4+
43.Ke3 Rc4 44.Rb7 Rc3+ 45.Kf4 Nd6 46.Ra7 Rac8 47.f8=Q+ Rxf8 48.Ra6 Kg7+ 49.Kg4 Ne4
50.Rg2 Kh7 51.Kh4 Ng5 52.Kh5 Rh3+ 53.Kg4 Rhf3 54.Kh5 R8f6 55.Rxf6 Rxf6 56.a4 Ne6
57.Rc2 Rf4  0-1

[Event "Luzern ol (Men)"]
[Site "Luzern"]
[Date "1982.??.??"]
[Round "4"]
[White "Andersson, Ulf"]
[Black "Hort, Vlastimil"]
[Result "1/2-1/2"]
[WhiteElo "2610"]
[BlackElo "2600"]

1.Nf3 d5 2.d4 c6 3.c4 dxc4 4.e3 Bg4 5.Bxc4 e6 6.h3 Bh5 7.Nc3 Nd7 8.O-O Ngf6
9.Be2 Be7 10.b3 Nd5 11.Bb2 O-O 12.Nd2 Bg6 13.Nc4 Bb4 14.Rc1 Qe7 15.Bd3 b5  1/2-1/2

[Event "Luzern ol (Men)"]
[Site "Luzern"]
[Date "1982.??.??"]
[Round "5"]
[White "Thipsay, Praveen Mahadeo"]
[Black "Andersson, Ulf"]
[Result "1/2-1/2"]
[WhiteElo "2430"]
[BlackElo "2610"]

1.e4 c5 2.Nf3 d6 3.d4 cxd4 4.Nxd4 Nf6 5.Nc3 e6 6.f4 Nc6 7.Be3 e5 8.Nf3 Be7
9.Bc4 Qa5 10.Bd2 exf4 11.Qe2 Bg4 12.Bxf4 O-O 13.O-O-O Ne5 14.Bb3 Rac8 15.Kb1 Rfe8
16.h3 Be6 17.Nd4 Bc4  1/2-1/2

[Event "Luzern ol (Men)"]
[Site "Luzern"]
[Date "1982.??.??"]
[Round "6"]
[White "Ardiansyah, Haji"]
[Black "Andersson, Ulf"]
[Result "1/2-1/2"]
[WhiteElo "2435"]
[BlackElo "2610"]

1.d4 Nf6 2.c4 e6 3.Nc3 Bb4 4.e3 c5 5.Bd3 Nc6 6.Ne2 d5 7.cxd5 Nxd5 8.a3 Ba5
9.dxc5 Nxc3 10.Nxc3 Bxc3+ 11.bxc3 O-O 12.O-O Qc7 13.Qc2 h6 14.a4 Ne5 15.Be2 Nd7
16.Ba3 Nxc5 17.Rfd1 b6 18.a5 Bb7 19.axb6 axb6 20.Bxc5 Qxc5 21.Rxa8 Rxa8 22.h3 Bd5
23.Bf1 Rc8 24.Qb2 e5 25.Qb4 Be6 26.Rb1 Qxb4 27.Rxb4 Rc6 28.Ba6 Kf8 29.Bb7 Rd6
30.e4 Ke7 31.c4 f5 32.exf5 Bxf5 33.Rb5 Bd3 34.Bd5 Bf5 35.Bf3 Kf6  1/2-1/2

[Event "Luzern ol (Men)"]
[Site "Luzern"]
[Date "1982.??.??"]
[Round "7"]
[White "Andersson, Ulf"]
[Black "Morovic Fernandez, Ivan"]
[Result "1-0"]
[WhiteElo "2610"]
[BlackElo "2450"]

1.Nf3 d5 2.d4 Nf6 3.c4 dxc4 4.e3 e6 5.Bxc4 c5 6.O-O Nc6 7.Nc3 cxd4 8.exd4 Be7
9.Re1 O-O 10.Bg5 b6 11.a3 Bb7 12.Qd3 Nd5 13.Bxd5 Bxg5 14.Be4 h6 15.Rad1 Re8
16.d5 exd5 17.Nxd5 Kf8 18.Qb5 Qc8 19.h4 Bd8 20.Nb4 Re6 21.Rc1 a6 22.Qf5 Be7
23.Qh7 Bxb4 24.axb4  1-0

[Event "Luzern ol (Men)"]
[Site "Luzern"]
[Date "1982.??.??"]
[Round "9"]
[White "Andersson, Ulf"]
[Black "Gruenfeld, Yehuda"]
[Result "1-0"]
[WhiteElo "2610"]
[BlackElo "2480"]

1.Nf3 Nf6 2.c4 c5 3.g3 b6 4.Bg2 Bb7 5.O-O e6 6.Nc3 Be7 7.d4 cxd4 8.Qxd4 d6
9.Bg5 a6 10.Bxf6 Bxf6 11.Qf4 O-O 12.Rad1 Be7 13.Ne4 Bxe4 14.Qxe4 Ra7 15.Nd4 Qc8
16.b3 Re8 17.Rd2 Rc7 18.e3 Bf8 19.Qb1 Nd7 20.Rfd1 Nf6 21.a4 Rc5 22.Rc2 e5
23.Ne2 b5 24.axb5 axb5 25.Nc3 bxc4 26.b4 Rc7 27.Nd5 Nxd5 28.Bxd5 Qb8 29.b5 Rc5
30.b6 Rec8 31.e4 g6 32.Qb4 R8c6 33.Rb1 Rc8 34.Qa4  1-0

[Event "Luzern ol (Men)"]
[Site "Luzern"]
[Date "1982.??.??"]
[Round "11"]
[White "Gheorghiu, Florin"]
[Black "Andersson, Ulf"]
[Result "1/2-1/2"]
[WhiteElo "2535"]
[BlackElo "2610"]

1.d4 Nf6 2.c4 e6 3.Nf3 Bb4+ 4.Bd2 Qe7 5.g3 O-O 6.Bg2 d5 7.O-O Nc6 8.cxd5 exd5
9.Bg5 h6 10.Bxf6 Qxf6 11.a3 Ba5 12.b4 Bb6 13.e3 Bg4 14.Nbd2 Rfd8 15.h3 Bf5
16.Nb3 a5 17.b5 Nb8 18.Nc5 Bxc5 19.dxc5 Be4 20.Nd4 Bxg2 21.Kxg2 c6 22.Qa4 Rc8
23.Rab1 Nd7 24.Rfc1 Ra7 25.bxc6 bxc6 26.Nf3 Kh7 27.Qf4 Qxf4  1/2-1/2

[Event "Luzern ol (Men)"]
[Site "Luzern"]
[Date "1982.??.??"]
[Round "12"]
[White "Andersson, Ulf"]
[Black "Sznapik, Aleksander"]
[Result "1-0"]
[WhiteElo "2610"]
[BlackElo "2480"]

1.Nf3 g6 2.d4 Bg7 3.g3 Nf6 4.Bg2 O-O 5.O-O d6 6.Nbd2 Nc6 7.Nc4 Bf5 8.c3 Qd7
9.Re1 Rfe8 10.Bg5 h6 11.Bxf6 Bxf6 12.d5 Nd8 13.e4 Bg4 14.e5 Bg7 15.a4 e6
16.exd6 cxd6 17.dxe6 Rxe6 18.Rxe6 Qxe6 19.Ne3 Bxf3 20.Bxf3 Nc6 21.Kg2 Re8
22.Qc2 h5 23.Rd1 h4 24.Bd5 h3+ 25.Kf1 Qf6 26.Re1 Kf8 27.Qd1 Bh6 28.Ng4 Rxe1+
29.Kxe1 Qe7+ 30.Kf1 Bg7 31.f4 Qd7 32.Ne3 Ne7 33.Bf3 Bf6 34.Kf2 Qxa4 35.Qxa4  1-0

[Event "Mar del Plata"]
[Site "Mar del Plata"]
[Date "1982.??.??"]
[Round "?"]
[White "Panno, Oscar"]
[Black "Andersson, Ulf"]
[Result "1/2-1/2"]
[WhiteElo "2510"]
[BlackElo "2635"]

1.c4 Nf6 2.g3 c6 3.Nf3 d5 4.Qc2 g6 5.Bg2 Bg7 6.O-O O-O 7.b3 Bg4 8.Bb2 Nbd7
9.d3 Re8 10.Ne5 Nxe5 11.Bxe5 Qd7 12.Qb2 Bh3 13.Nd2 Bxg2 14.Kxg2 Nh5 15.Bxg7 Nxg7
16.Nf3 Nf5 17.d4 Rac8 18.Rac1 Red8 19.Rfd1 Qe6 20.Rd3 f6 21.Kg1 Kf7 22.cxd5 cxd5
23.Rdc3 Rxc3 24.Rxc3 Rc8  1/2-1/2

[Event "Mar del Plata"]
[Site "Mar del Plata"]
[Date "1982.??.??"]
[Round "?"]
[White "Giardelli, Sergio C"]
[Black "Andersson, Ulf"]
[Result "1/2-1/2"]
[WhiteElo "2460"]
[BlackElo "2635"]

1.c4 Nf6 2.Nf3 c6 3.g3 d5 4.Bg2 Bf5 5.cxd5 cxd5 6.Qb3 Qb6 7.Qxb6 axb6 8.d3 Nc6
9.Bf4 e6 10.Nc3 Bc5 11.O-O Ke7 12.h3 h6 13.g4 Bh7 14.Rfc1  1/2-1/2

[Event "Mar del Plata"]
[Site "Mar del Plata"]
[Date "1982.??.??"]
[Round "?"]
[White "Franco Ocampo, Zenon"]
[Black "Andersson, Ulf"]
[Result "1/2-1/2"]
[WhiteElo "2505"]
[BlackElo "2635"]

1.d4 Nf6 2.c4 e6 3.Nf3 b6 4.a3 c5 5.d5 Ba6 6.Qc2 exd5 7.cxd5 g6 8.Nc3 Bg7
9.g3 O-O 10.Bg2 d6 11.O-O Nbd7 12.Bf4 Qe7 13.a4 Rfe8 14.Rfe1 Ng4 15.Bg5 Bf6
16.Bxf6 Ndxf6 17.e4 Nd7  1/2-1/2

[Event "Mar del Plata"]
[Site "Mar del Plata"]
[Date "1982.??.??"]
[Round "?"]
[White "Andersson, Ulf"]
[Black "Polugaevsky, Lev"]
[Result "1/2-1/2"]
[WhiteElo "2635"]
[BlackElo "2625"]

1.c4 c5 2.Nf3 Nf6 3.g3 b6 4.Bg2 Bb7 5.O-O e6 6.b3 Be7 7.Bb2 O-O 8.Nc3 d5
9.cxd5 Nxd5 10.d4 Nxc3 11.Bxc3 cxd4 12.Qxd4 Qxd4 13.Nxd4 Bxg2 14.Kxg2 Rc8  1/2-1/2

[Event "Mar del Plata"]
[Site "Mar del Plata"]
[Date "1982.??.??"]
[Round "?"]
[White "Andersson, Ulf"]
[Black "Najdorf, Miguel"]
[Result "1/2-1/2"]
[WhiteElo "2635"]
[BlackElo "2515"]

1.c4 Nf6 2.Nf3 b6 3.g3 Bb7 4.Bg2 e6 5.d4 Be7 6.O-O O-O 7.Nc3 Ne4 8.Qc2 Nxc3
9.Qxc3 d6 10.b3 Nd7 11.Bb2 Nf6 12.Rad1 Be4 13.Nd2 Bxg2 14.Kxg2 c6 15.e4 d5
16.cxd5 exd5 17.e5 Nd7 18.Rc1 a5 19.Qd3 a4 20.Rc2 axb3 21.axb3 Nb8  1/2-1/2

[Event "Mar del Plata"]
[Site "Mar del Plata"]
[Date "1982.??.??"]
[Round "?"]
[White "Andersson, Ulf"]
[Black "Garcia Palermo, Carlos"]
[Result "1-0"]
[WhiteElo "2635"]
[BlackElo "2470"]

1.Nf3 d5 2.d4 Nf6 3.c4 dxc4 4.Qa4+ c6 5.Qxc4 Bf5 6.e3 e6 7.Bd3 Bxd3 8.Qxd3 Nbd7
9.O-O Be7 10.Nc3 O-O 11.e4 Qc7 12.Bg5 Rae8 13.Rac1 h6 14.Be3 Rd8 15.Qe2 Qa5
16.Nd2 Nb6 17.a3 Na4 18.Nxa4 Qxa4 19.f3 Ne8 20.Qc4 Qxc4 21.Nxc4 f5 22.Na5 Rd7
23.d5 exd5 24.exd5 Rxd5 25.Nxb7 f4 26.Bc5 Rf7 27.Rfe1 Bxc5+ 28.Nxc5 Nd6 29.Ne6 Rd2
30.Red1 Rxd1+ 31.Rxd1 Nc4 32.Rd8+ Kh7 33.h4 Rb7 34.h5 g5 35.hxg6+ Kxg6 36.Nxf4+ Kg5
37.Nh3+ Kf6 38.Rd4 Nxb2 39.Rd6+ Ke5 40.Rxc6 Rb6 41.Rc7 Ra6 42.Rc2 Nd3 43.Re2+ Kf5
44.Ra2 Ra4 45.Nf2 Nxf2 46.Kxf2 h5 47.Kg3 Kg5 48.Ra1 Kf5 49.Kh3 Kg5 50.g3 Kf5
51.f4 Kg6 52.Kh4 Ra5 53.a4 Kh6 54.Rd1 Kg6 55.Rd6+ Kg7 56.Re6  1-0

[Event "Tilburg"]
[Site "Tilburg"]
[Date "1982.??.??"]
[Round "?"]
[White "Huebner, Robert"]
[Black "Andersson, Ulf"]
[Result "1/2-1/2"]
[WhiteElo "2630"]
[BlackElo "2610"]

1.d4 Nf6 2.c4 e6 3.Nc3 Bb4 4.Qc2 c5 5.dxc5 O-O 6.Nf3 Na6 7.e3 Nxc5 8.Bd2 b6
9.Be2 Bb7 10.O-O Nce4 11.Nxe4 Bxe4 12.Bd3  1/2-1/2

[Event "Tilburg"]
[Site "Tilburg"]
[Date "1982.??.??"]
[Round "?"]
[White "Petrosian, Tigran V"]
[Black "Andersson, Ulf"]
[Result "1/2-1/2"]
[WhiteElo "2605"]
[BlackElo "2610"]

1.d4 Nf6 2.c4 e6 3.Nf3 Bb4+ 4.Bd2 Qe7 5.g3 O-O 6.Bg2 d5 7.O-O Nc6 8.Bg5 dxc4
9.Nfd2 Bxd2 10.Nxd2 h6 11.Bxf6 Qxf6 12.e3 e5 13.d5 Ne7 14.Nxc4 Rd8 15.e4 c6
16.Re1 b5 17.Na5 Rb8 18.Qe2 Bb7 19.Nxb7 Rxb7 20.Rac1 a6  1/2-1/2

[Event "Tilburg"]
[Site "Tilburg"]
[Date "1982.??.??"]
[Round "?"]
[White "Portisch, Lajos"]
[Black "Andersson, Ulf"]
[Result "1/2-1/2"]
[WhiteElo "2625"]
[BlackElo "2610"]

1.d4 Nf6 2.c4 e6 3.Nf3 Bb4+ 4.Bd2 Bxd2+ 5.Qxd2 O-O 6.Nc3 d5 7.e3 Nbd7 8.Rc1 dxc4
9.Bxc4 c5 10.O-O cxd4 11.Nxd4 Qe7 12.Rfd1 Nb6 13.Bb3 Bd7 14.e4 Rfd8 15.e5 Ne8
16.Qe3 Rac8 17.h3 Bc6 18.Ndb5 Bxb5 19.Nxb5 Rxc1 20.Rxc1 Qb4 21.Nc7 Qe7 22.Nxe8 Qxe8
23.Rc7 Rd7 24.Rc5 Qd8 25.Qc3 g6 26.Qa5 Rd2 27.Rc2 Rd1+ 28.Kh2 Qd4 29.Re2 Rc1
30.Qd2 Qxd2 31.Rxd2 Kf8 32.Kg3 Ke7 33.Kf4 h6 34.h4 Rc5 35.Rc2 Nd5+  1/2-1/2

[Event "Turin"]
[Site "Turin"]
[Date "1982.??.??"]
[Round "1"]
[White "Karpov, Anatoly"]
[Black "Andersson, Ulf"]
[Result "1/2-1/2"]
[WhiteElo "2720"]
[BlackElo "2605"]

1.e4 c5 2.Nf3 d6 3.d4 cxd4 4.Nxd4 Nf6 5.Nc3 e6 6.g4 h6 7.Rg1 Nc6 8.Be3 Be7
9.Qe2 Nxd4 10.Bxd4 e5 11.Be3 Be6 12.O-O-O Nd7 13.Kb1 a6 14.f4 exf4 15.Bxf4 Bf6
16.Qe3 Be5 17.Bxe5 Nxe5 18.Be2 Rc8 19.Nd5 Rc6 20.c3 Bxd5 21.Rxd5 Qh4 22.h3 O-O
23.Rgd1 Qe7 24.R1d4 Re8 25.Qg3 Qf6 26.a3 Re6 27.Ka2 Rc5 28.Bd1 Rxd5 29.exd5 Re8
30.Rb4 Qf1 31.Bc2 b5 32.Qe3 Qg2 33.Qe4 Qxe4 34.Rxe4 Kf8 35.a4 Rc8 36.Bd1 Rc5
37.Rd4 Ke7 38.Be2 Kd8 39.Kb3 Kc7 40.a5 Kb7 41.Kc2 Rc7 42.b4 Re7 43.Re4 Re8
44.Bd3 Rc8 45.Rf4 Re8 46.Kd2 Rc8 47.Bf1 Rc7 48.Kc2 Rc8 49.Kb3 Rc7 50.Be2 Rc8
51.c4 bxc4+ 52.Bxc4 g5 53.Rd4 f5 54.gxf5 Rf8 55.Bd3 Nxd3 56.Rxd3 Rxf5 57.Kc4 h5
58.Re3 Rf4+ 59.Kc3 Rf7 60.Kd4 Kc7 61.Rc3+ Kb7  1/2-1/2

[Event "Turin"]
[Site "Turin"]
[Date "1982.??.??"]
[Round "4"]
[White "Andersson, Ulf"]
[Black "Portisch, Lajos"]
[Result "1/2-1/2"]
[WhiteElo "2605"]
[BlackElo "2630"]

1.Nf3 c5 2.c4 Nf6 3.g3 d5 4.cxd5 Nxd5 5.Bg2 Nc6 6.d4 Bf5 7.O-O e6 8.Ne5 Bg6
9.Nxg6 hxg6 10.Nc3 cxd4 11.Nxd5 exd5 12.Qb3 Qd7 13.Qxd5 Qxd5 14.Bxd5 Rh5
15.Bf3 Rb5 16.Rd1 Rd8 17.b3 Bb4 18.Bb2 Bc3 19.Bxc3 dxc3 20.Bxc6+ bxc6 21.Rxd8+ Kxd8
22.Kf1 Rh5 23.Rc1 Rxh2 24.Rxc3 Rh1+ 25.Kg2 Ra1 26.Rc2 Kc7 27.Kf3 Kd6 28.Ke4 a5
29.Kd4 Rd1+ 30.Kc3 Rf1 31.e3 g5 32.Kd3 f6 33.Ke2 Ra1 34.Kf3 c5 35.Ke4 g6
36.Kf3 Kc6 37.e4 Rd1 38.Ke3 Re1+ 39.Re2 Rd1 40.Rd2 Re1+ 41.Kf3 f5 42.exf5 gxf5
43.g4 fxg4+ 44.Kxg4 Rg1+ 45.Kh3 Rh1+ 46.Kg2 Rh4 47.Rd8 a4 48.Rc8+ Kd6 49.Rg8  1/2-1/2

[Event "Turin"]
[Site "Turin"]
[Date "1982.??.??"]
[Round "7"]
[White "Andersson, Ulf"]
[Black "Ljubojevic, Ljubomir"]
[Result "1/2-1/2"]
[WhiteElo "2605"]
[BlackElo "2600"]

1.Nf3 c5 2.c4 g6 3.d4 cxd4 4.Nxd4 Bg7 5.Nc3 Nc6 6.e3 Nf6 7.Be2 Nxd4 8.exd4 d5
9.Bf4 dxc4 10.Bxc4 O-O 11.O-O Qb6 12.Bb3 Rd8 13.d5 e6 14.Be3 Qa5 15.Bd2 Qb6
16.Be3 Qa5 17.Bd2 Qb6 18.Be3  1/2-1/2

[Event "Turin"]
[Site "Turin"]
[Date "1982.??.??"]
[Round "8"]
[White "Andersson, Ulf"]
[Black "Karpov, Anatoly"]
[Result "1/2-1/2"]
[WhiteElo "2605"]
[BlackElo "2720"]

1.Nf3 Nf6 2.c4 e6 3.g3 b6 4.Bg2 Bb7 5.O-O Be7 6.d4 O-O 7.Nc3 Ne4 8.Qc2 Nxc3
9.Qxc3 c5 10.Rd1 d6 11.b3 Bf6 12.Bb2 Qc7 13.Qd2 Rd8 14.dxc5 dxc5 15.Qf4 Na6
16.Qxc7 Nxc7 17.Bxf6 gxf6 18.Ne1 Bxg2 19.Kxg2 Kf8 20.Rd3 Rxd3 21.Nxd3 Ne8
22.f3 Nd6 23.Kf2 Nf5 24.Rd1 Ke7 25.g4 Nd6 26.Rg1 Rd8 27.Ke3 Nb7 28.Rg3 Kf8
29.Kd2 Na5 30.Kc3 Nc6 31.e3 Ne5 32.Nf2 h6 33.f4 Nc6 34.a3 Na5 35.Rg1 Nb7
36.Ne4 Ke7 37.Kc2 Nd6 38.Nxd6 Rxd6 39.Rd1 Rxd1 40.Kxd1 f5 41.gxf5 exf5 42.Ke2 Kd6
43.Kd3 Ke6 44.Kc3  1/2-1/2

[Event "Turin"]
[Site "Turin"]
[Date "1982.??.??"]
[Round "10"]
[White "Andersson, Ulf"]
[Black "Kavalek, Lubomir"]
[Result "1/2-1/2"]
[WhiteElo "2605"]
[BlackElo "2590"]

1.Nf3 f5 2.d4 Nf6 3.g3 g6 4.Bg2 Bg7 5.O-O O-O 6.c4 d6 7.Nc3 c6 8.d5 Bd7 9.Rb1 Na6
10.Nd4 Qb6 11.Be3 Qc7 12.Qd2 Nc5 13.Bh6 Bxh6 14.Qxh6 a5 15.Qe3 Rae8 16.b3 e5
17.dxe6 Bxe6 18.Qd2 Nfe4  1/2-1/2

[Event "Indonesia"]
[Site "Indonesia"]
[Date "1983.??.??"]
[Round "4"]
[White "Andersson, Ulf"]
[Black "Gunawan, Ronny"]
[Result "1/2-1/2"]
[WhiteElo "2640"]
[BlackElo "2400"]

1.Nf3 Nf6 2.c4 g6 3.Nc3 Bg7 4.e4 d6 5.d4 O-O 6.Be2 e5 7.dxe5 dxe5 8.Qxd8 Rxd8
9.Bg5 Re8 10.Nd5 Nxd5 11.cxd5 c6 12.Bc4 cxd5 13.Bxd5 Nc6 14.O-O-O Nb4 15.Bb3 Be6
16.Bxe6 Rxe6 17.Kb1 Na6 18.Rd5 h6 19.Be3 b6 20.Rhd1 Rae8 21.Rd7 R6e7 22.Rxe7 Rxe7
23.Rd8+ Kh7 24.Nd2 Bf6 25.Nf3 Nb4 26.Rd6 Bg7 27.a3 Na6 28.Ne1 Nb8 29.Nd3 Rd7
30.Rxd7 Nxd7 31.Kc2 f5 32.f3 Kg8 33.Kb3 Kf7 34.Kc4 a6 35.exf5 gxf5 36.Kd5 e4
37.fxe4 Nf6+ 38.Kc6 Ng4 39.Bxb6 fxe4 40.Nf2 Nxf2 41.Bxf2 Bxb2 42.Be3 Bxa3  1/2-1/2

[Event "Indonesia"]
[Site "Indonesia"]
[Date "1983.??.??"]
[Round "6"]
[White "Andersson, Ulf"]
[Black "Handoko, Edhi"]
[Result "1-0"]
[WhiteElo "2640"]
[BlackElo "2420"]

1.Nf3 d5 2.d4 c5 3.c4 e6 4.cxd5 exd5 5.g3 Nc6 6.Bg2 Nf6 7.O-O Be6 8.Nc3 h6
9.b3 Rc8 10.Bb2 Be7 11.dxc5 Bxc5 12.Rc1 O-O 13.Na4 Be7 14.e3 Qd7 15.Nd4 Bg4
16.f3 Be6 17.Nc5 Bxc5 18.Rxc5 Nxd4 19.Qxd4 b6 20.Rxc8 Rxc8 21.g4 Rc2 22.Rc1 Rxc1+
23.Bxc1 Qc6 24.Qd2 Nd7 25.Bb2 Qc7 26.Qc3 Qxc3 27.Bxc3 Nc5 28.Kf1 Nd3 29.Bd2 Bc8
30.Ke2 Ba6 31.Kd1 Ne5 32.Bc3 f6 33.h3 Bb7 34.Kd2 Kf7 35.f4 Nd7 36.b4 Ke6
37.Kd3 Kd6 38.Kd4 b5 39.Be1 Nb8 40.Bg3 Nc6+ 41.Kc3 a6 42.f5+ Ne5 43.Kd4 Bc6
44.Bf3 g5 45.fxg6 Be8 46.g7 Bf7 47.a3  1-0

[Event "Indonesia"]
[Site "Indonesia"]
[Date "1983.??.??"]
[Round "10"]
[White "Andersson, Ulf"]
[Black "Kovacevic, Vlatko"]
[Result "1/2-1/2"]
[WhiteElo "2640"]
[BlackElo "2540"]

1.Nf3 Nf6 2.c4 d6 3.d4 Bg4 4.Nc3 Nbd7 5.e4 e5 6.Be2 Be7 7.Be3 O-O 8.h3 Bxf3
9.Bxf3 c6 10.Qd2 a6 11.a3 b5 12.Be2 Qb8 13.O-O Re8 14.Rfd1 exd4 15.Bxd4 b4
16.axb4 Qxb4 17.Ra4 Qb7 18.b4 Rad8 19.Rb1 Qc8 20.Be3 Bf8 21.f3 Nb8 22.Bf1 Qe6
23.Bf2 h6 24.Ra5 Be7 25.Ne2 Qc8 26.Qa2 Rd7 27.Ng3 Rb7 28.Nf5 Bf8 29.Qa1 Nfd7
30.c5 dxc5 31.bxc5 Rxb1 32.Qxb1 Qd8 33.Qb4 Re5 34.Bd4 Re6 35.Qc3 g6 36.Ne3 Qg5
37.Kh1 Ne5 38.Ra1 Qf4 39.Rb1 Nbd7 40.Bxa6 Nxf3 41.gxf3 Qxf3+ 42.Ng2 Qxc3
43.Bxc3 Nxc5 44.Bf1 Nxe4 45.Bd4 c5 46.Be3 Ng3+ 47.Kg1 Nxf1 48.Kxf1 Kg7 49.Rc1 Re5
50.Kf2 Rf5+ 51.Ke2 Bd6 52.Rc4 Rh5 53.h4 Kf6 54.Ra4 g5 55.Kf3 gxh4 56.Nxh4 Ke6
57.Kg4 Rd5 58.Ng2 h5+ 59.Kf3 Be5 60.Ke4 f6 61.Ra8 c4 62.Rc8 c3 63.Nf4+ Bxf4
64.Bxf4 Ra5 65.Rxc3 Ra4+ 66.Kf3 Kf5 67.Be3 Ra6 68.Rc1 Kg6 69.Bd4 Kf5 70.Rc5+ Kg6
71.Ke4 Re6+ 72.Kf4 Rd6 73.Bc3 Ra6 74.Rc4 Rb6 75.Ra4 Rc6 76.Bd4 Rd6 77.Bc5 Rc6
78.Ra5 Rc8 79.Bd4 Rc6 80.Ra1 Rd6 81.Ke4 Kf7 82.Ra7+ Kg6 83.Ra5 Re6+ 84.Kd5 Re1
85.Ra6 Rf1 86.Ke4 Re1+ 87.Kf3 Rf1+ 88.Bf2 Rd1 89.Be3 Rd5 90.Ke4 Re5+ 91.Kd3 Kf7
92.Ra1 Re8 93.Bd4 Re6 94.Kc4 Re4  1/2-1/2

[Event "Tilburg"]
[Site "Tilburg"]
[Date "1983.??.??"]
[Round "?"]
[White "Andersson, Ulf"]
[Black "Timman, Jan H"]
[Result "1/2-1/2"]
[WhiteElo "2640"]
[BlackElo "2605"]

1.Nf3 c5 2.c4 Nc6 3.d4 cxd4 4.Nxd4 Nf6 5.Nc3 e6 6.Ndb5 d5 7.Bf4 e5 8.cxd5 exf4
9.dxc6 bxc6 10.Qxd8+ Kxd8 11.Nd4 Bd7 12.g3 Bd6 13.Bg2 Rc8 14.O-O Ke7 15.Rad1 h5
16.Nf3 Rhd8 17.Rd2 Bc7 18.Rc1 Ng4 19.Na4 Be8 20.Rdc2 Kf8 21.h3 Nf6 22.gxf4 Bxf4
23.e3 Bh6 24.Nc5 Nd5 25.Kh1 g6 26.a3 Bg7 27.b4 Nc7 28.Nb3 Ne6 29.Nfd2 Rb8
30.Nc4 Rd3 31.Nca5 c5 32.Be4 Rdd8 33.Nxc5 Nxc5 34.bxc5 Bb2 35.Rb1 Bxa3 36.Rxb8 Rxb8
37.c6 Bd6 38.Nb7 Bc7 39.Kg2 a5 40.Nc5 Ra8 41.Na4 Ra6 42.Nc5 Ra7 43.Na4 Ra6  1/2-1/2

[Event "Tilburg"]
[Site "Tilburg"]
[Date "1983.??.??"]
[Round "?"]
[White "Andersson, Ulf"]
[Black "Spassky, Boris V"]
[Result "1/2-1/2"]
[WhiteElo "2640"]
[BlackElo "2605"]

1.d4 Nf6 2.Nf3 e6 3.c4 Bb4+ 4.Bd2 Bxd2+ 5.Qxd2 d5 6.e3 O-O 7.Nc3 Qe7 8.Rc1 Rd8
9.Qc2 dxc4 10.Bxc4 c5 11.O-O cxd4 12.Nxd4 Bd7 13.Rfd1 Nc6 14.Bb5 Rac8 15.Nxc6 Bxc6
16.Bxc6 Rxc6 17.Rxd8+ Qxd8 18.Rd1  1/2-1/2

[Event "Tilburg"]
[Site "Tilburg"]
[Date "1983.??.??"]
[Round "?"]
[White "Andersson, Ulf"]
[Black "Karpov, Anatoly"]
[Result "1/2-1/2"]
[WhiteElo "2640"]
[BlackElo "2710"]

1.Nf3 Nf6 2.c4 b6 3.g3 Bb7 4.Bg2 e6 5.O-O Be7 6.d4 O-O 7.Nc3 Ne4 8.Qc2 Nxc3
9.Qxc3 c5 10.Rd1 d6 11.b3 Bf6 12.Bb2 Nd7 13.Qd2 Qe7 14.dxc5 Bxb2 15.Qxb2 dxc5
16.Rd3 Rad8 17.Rad1 Nb8 18.h4 Rxd3 19.Rxd3 Rd8 20.Qd2 Rxd3 21.Qxd3  1/2-1/2

[Event "Tilburg"]
[Site "Tilburg"]
[Date "1983.??.??"]
[Round "?"]
[White "Andersson, Ulf"]
[Black "Huebner, Robert"]
[Result "1/2-1/2"]
[WhiteElo "2640"]
[BlackElo "2620"]

1.Nf3 d5 2.d4 Nf6 3.c4 dxc4 4.Qa4+ c6 5.Qxc4 Bf5 6.g3 e6 7.Bg2 Be7 8.O-O O-O
9.Nc3 Nbd7 10.Re1 Ne4 11.e3 Qb6 12.Qe2 Rad8 13.Nd2 Nxd2 14.Qxd2 Bg6 15.Qe2 Nf6
16.b3 Nd5 17.Na4 Qa5 18.Bd2 Qc7 19.e4 Nb6 20.Nxb6 Qxb6 21.d5 Bc5 22.dxc6 Qxc6
23.Be3 Bxe3  1/2-1/2

[Event "Tilburg"]
[Site "Tilburg"]
[Date "1983.??.??"]
[Round "?"]
[White "Ljubojevic, Ljubomir"]
[Black "Andersson, Ulf"]
[Result "1/2-1/2"]
[WhiteElo "2645"]
[BlackElo "2640"]

1.d4 Nf6 2.c4 e6 3.Nf3 d5 4.Nc3 Be7 5.Bg5 O-O 6.e3 Nbd7 7.Rc1 c6 8.Bd3 dxc4
9.Bxc4 Nd5 10.Bxe7 Qxe7 11.O-O Rd8 12.Qb3 N5f6 13.Rfd1 b6 14.e4 Bb7 15.e5 Ne8
16.Ne4  1/2-1/2

[Event "Tilburg"]
[Site "Tilburg"]
[Date "1983.??.??"]
[Round "?"]
[White "Sosonko, Gennadi"]
[Black "Andersson, Ulf"]
[Result "1/2-1/2"]
[WhiteElo "2575"]
[BlackElo "2640"]

1.d4 d5 2.Nf3 Nf6 3.c4 e6 4.Nc3 Be7 5.Bg5 O-O 6.e3 Nbd7 7.Rc1 c6 8.a3 Re8
9.Bd3 a6 10.O-O dxc4 11.Bxc4 b5 12.Be2 Bb7 13.Qc2 c5 14.dxc5 Nxc5 15.Rfd1 Ncd7
16.h3 Rc8 17.Ne5 Nd5 18.Bxe7  1/2-1/2

[Event "London"]
[Site "London"]
[Date "1984.??.??"]
[Round "?"]
[White "Andersson, Ulf"]
[Black "Karpov, Anatoly"]
[Result "1/2-1/2"]
[WhiteElo "2630"]
[BlackElo "2700"]

1.Nf3 Nf6 2.c4 b6 3.g3 Bb7 4.Bg2 e6 5.O-O Be7 6.d4 O-O 7.Nc3 Ne4 8.Qc2 Nxc3
9.Qxc3 c5 10.Rd1 d6 11.b3 Bf6 12.Bb2 Nd7 13.Rd2 Qc7 14.Rad1 cxd4 15.Nxd4 Bxg2
16.Kxg2 a6 17.Qf3 Rac8 18.Ba3 Rfd8 19.Nc2 Nc5 20.Ne1 Qc6 21.Qxc6 Rxc6 22.Nd3 Kf8
23.g4 Be7 24.f4 Ke8 25.Bxc5 dxc5  1/2-1/2